A digitális fejlődés útján RPA és a mesterséges intelligencia a dokumentumkezelésben

Bibliográfiai részletek
Szerző: Mancsek Vivien
További közreműködők: Bányai Dr. Kornél
Dokumentumtípus: Projektmunka
Kulcsszavak:dokumentáció
dokumentumkezelés
hatékonyságvizsgálat
mesterséges intelligencia
szoftver
Online Access:http://dolgozattar.uni-bge.hu/59916

MARC

LEADER 00000nnm a2200000 i 4500
001 dolg59916
005 20260409145736.0
008 260409suuuu hu o 000 hun d
040 |a BGE Dolgozattár Repozitórium  |b hun 
041 |a hu 
100 1 |a Mancsek Vivien 
245 1 2 |a A digitális fejlődés útján  |b RPA és a mesterséges intelligencia a dokumentumkezelésben  |c Mancsek Vivien  |h [elektronikus dokumentum] 
516 |a Project_work 
520 3 |a A projektmunkám témája az automatizáció lehetőségei a logisztikában, különösen a dokumentumkezelési folyamatokra kiterjesztve. A technológiai fejlődéseknek már nem csak a gyártási területeken van nagy térnyerése hanem egyre több háttérfolyamatot is elért. A digitalizáció és a különböző szoftveres platformok nélkül a 21.században már elképzelhetetlen lenne a dokumentációs folyamatok precíz és hatékony kezelése. Dolgozatom célja az automatizációs módok bemutatása a logisztikai dokumentumkezelés vonalán, nagy hangsúlyt fektetve a Robotic Process Automation (Robotikus Folyamat Automtizáció; RPA) rendszerek és a mesterséges intelligencia alkalmazására. 
695 |a dokumentáció 
695 |a dokumentumkezelés 
695 |a hatékonyságvizsgálat 
695 |a mesterséges intelligencia 
695 |a szoftver 
700 1 |a Bányai Dr. Kornél  |e ths 
856 4 0 |u http://dolgozattar.uni-bge.hu/59916/1/Szakdolgozat_AKCZNA.pdf  |z Dokumentum-elérés 
856 4 0 |u http://dolgozattar.uni-bge.hu/59916/2/titkos%C3%ADt%C3%A1si_lap.pdf  |z Dokumentum-elérés 
856 4 0 |u http://dolgozattar.uni-bge.hu/59916/3/Mancsek_Vivien_FOSZK_biralat.pdf  |z Dokumentum-elérés